000 00867na a2200301 4500
001 12962
003 MIRAKIL
005 20181213154849.0
008 161012b tu 000 0
020 _a9786054533367
035 _a12962
040 _aMilas
_btur
_cTR-AnCHP
041 _atur
082 _a297.61
_bİ74h 2013
090 _a297.61 İ74h 2013
100 _aİslamoğlu, Mustafa
245 _aHasan el-Basri'nin kader risalesi ve şerhi
_cMustafa İslamoğlu
246 _akader risalesi ve şerhi
250 _a4. bs.
260 _aİstanbul
_bDüşün Yayıncılık
_c2013
300 _a239 s.
_bres.
_c23 sm.
490 _aDüşün yayıncılık
_v234
504 _aKaynakça ve dizin var.
600 _aHasan el-Basri
_d642-728
650 _aİslam
_xÖnderler
650 _aKader Risalesi
_xAçıklamalar ve yorumlar
942 _2dcc
_cBKS
999 _c2215
_d2215